000 00232nam a22000977a 4500
999 _c58131
_d58128
100 _aImran
245 _aDesign And febrication Of Solar Wheat Harvesting Machine
260 _aNawabshah
_bQuest
_c2017
300 _a39
942 _cTHESIS